Statistiche per Riconosci lo Stato - Quiz n°29

Clicka qui per fare il quiz!

Statistiche generali

  • Questo quiz è stato fatto 15 volte
  • Il punteggio medio è 12 su 13

Statistiche sulle risposte

IndizioRisposta% Corretto
Iniziale della CapitaleG (de iure) / R ( de facto)
100%
Presidente della RepubblicaMahmūd Abbās
100%
ValutaSterlina / Nuovo shekel / Dinaro
100%
Popolazione5.483.450 ab.
93%
Superficie6.020 km²
93%
Primo ministroMohammad Shtayyeh
93%
Forma di GovernoRepubblica semipresidenziale
93%
Fuso OrarioUTC+2
93%
ISU0,708
86%
PIL (nominale)33 900 milioni di $
86%
Indipendenzaparziale
86%
Tasso di crescita2.02%
79%
RispostaPalestina
79%

Distribuzione punteggi

Percentile per numero di risposta

Percentuale di utenti per punteggio

I tuoi punteggi nel tempo

Non hai fatto questo quiz